000 00541nam a2200193 u 4500
005 20230623063602.0
008 111026s2006 mx r 000 0 spa d
020 _a9706888691
035 _aUPN01000182359
049 _aI
050 4 _aPZ75
_bH4.4
100 1 _aHinojosa, Francisco,
_d1954-
_928902
245 1 4 _aLas gallinas de mi abuelo /
_cFrancisco Hinojosa.
260 _aMéxico :
_bSM,
_c2006.
300 _a71 p. :
_bil.
440 3 _aEl barco de vapor ;
_v21
650 4 _aCuentos infantiles mexicanos
_97723
905 _aInfantil
999 _c154462
_d154462